[Event "Zilina Region-ch"]
[Site "Zilina"]
[Date "2011.05.06"]
[Round "1"]
[White "Kouba, Petr2222"]
[Black "Molnar, Lubomir"]
[Result "0-1"]
[WhiteElo "1848"]
[BlackElo "1987"]
[PlyCount "62"]
[EventDate "2011.05.06"]
[EventType "swiss"]
[EventRounds "7"]
[EventCountry "SVK"]
[SourceTitle "EXT 2012"]
[Source "ChessBase"]
[SourceDate "2011.11.24"]
[SourceVersion "1"]
[SourceVersionDate "2011.11.24"]
[SourceQuality "1"]

1. e4 c5 2. Nf3 d6 3. d4 cxd4 4. Nxd4 Nf6 5. Nc3 a6 6. f4 e5 7. Nf5 Bxf5 8. exf5 Nc6 9. fxe5 dxe5 10. Qxd8+ Rxd8 11. Bg5 Nb4 12. Rc1 Be7 13. a3 Nc6 14. Bd3 0-0 15. Ne4 Rfe8 16. Nxf6+ gxf6 17. Be3 Bf8 18. Be4 Rc8 19. h4 Na5 20. Bd5 Red8 21. c4 Rd7 22. b4 Nb3 23. Rd1 a5 24. c5 Nd4 25. Bxd4 exd4 26. Rxd4 Re8+ 27. Kf2 Re5 28. Rg4+ Kh8 29. Be4 h5 30. c6 bxc6 31. Bxc6 Rd2+ 0-1

[Event "SVK-chT2C 0910"]
[Site "Slovakia"]
[Date "2010.01.10"]
[Round "7.6"]
[White "Molnar, Lubomir"]
[Black "Milcova, Zuzana"]
[Result "1/2-1/2"]
[WhiteElo "1869"]
[BlackElo "1917"]
[PlyCount "126"]
[EventDate "2009.10.10"]
[EventType "team-tourn"]
[EventRounds "11"]
[EventCountry "SVK"]
[SourceTitle "EXT 2011"]
[Source "ChessBase"]
[SourceDate "2010.11.26"]
[SourceVersion "1"]
[SourceVersionDate "2010.11.26"]
[SourceQuality "1"]
[WhiteTeam "Dolny Kubin"]
[BlackTeam "Martin Medea"]
[WhiteTeamCountry "SVK"]
[BlackTeamCountry "SVK"]

1. e4 d5 2. exd5 Nf6 3. d4 Nxd5 4. c4 Nb6 5. Nf3 Bg4 6. c5 N6d7 7. Qb3 Bxf3 8. Qxf3 Nc6 9. Bc4 e6 10. Be3 Qf6 11. Qxf6 gxf6 12. Nc3 0-0-0 13. 0-0-0 Rg8 14. g3 f5 15. a3 Nf6 16. f3 Ne7 17. Rhe1 Nfd5 18. Nxd5 Nxd5 19. Bf2 c6 20. Kc2 Rd7 21. b4 a6 22. Kb3 Bg7 23. Rd3 Rgd8 24. a4 Nc7 25. Red1 Bf6 26. Be3 h5 27. h4 Nd5 28. Bg5 Rg8 29. Bxd5 Bxg5 30. hxg5 Rxd5 31. f4 f6 32. gxf6 Rg6 33. Rh1 Rh6 34. Kc3 Rd8 35. Rd2 Rdh8 36. Rdh2 Kd7 37. Kc4 Ke8 38. b5 axb5+ 39. axb5 Kf7 40. Ra2 Kxf6 41. bxc6 bxc6 42. Ra6 Rc8 43. Ra7 Rhh8 44. Rb1 Ra8 45. Rc7 Rhc8 46. Rxc8 Rxc8 47. Rb7 Ra8 48. Rb6 Ra4+ 49. Kc3 Ra3+ 50. Rb3 Ra1 51. Kb4 Rd1 52. Kc4 Rc1+ 53. Kd3 Rg1 54. Ke2 Rg2+ 55. Kf3 Rd2 56. Rb6 Rd3+ 57. Kf2 Rxd4 58. Rxc6 Ke7 59. Rc8 Kd7 60. Rh8 Rc4 61. Kg2 Rxc5 62. Kh3 Rc1 63. Kg2 Rc2+ 1/2-1/2